000 00548nam a2200169Ia 4500
008 090201s9999 xx 000 0 und d
010 _aKPL-48249
040 _bमराठी
041 _aमराठी
082 _a35244
_b48249
100 _aमाधव सोळंकी
245 _aनेहरु युगाच्या आठवणी
_cमाधव सोळंकी
260 _c2004
_bविनय
300 _a262
_bमोठा
600 _aनेहरु युगाच्या आठवणी
942 _cBOOK
999 _c233384
_d233384